000 00825pam a2200253 a 4500
001 1461049
003 OSt
005 20150408114221.0
008 860606s2014 caua 001 0 eng
010 _a 86013594
020 _a9781292025148
040 _aDLC
_cDLC
_dDLC
050 0 0 _aQA184
_b.B38 1987
082 0 0 _a512.5
_222
_bBRL
100 1 _aBarnett, Raymond A.
245 1 0 _aLinear algebra :
_ban introduction with applications /
_cRaymond A. Barnett, Michael R. Ziegler.
260 _aSan Francisco, Calif. :
_bDellen Pub. Co. ;
_aLondon :
_bCollier Macmillan,
_c2014
300 _axi, 617, 32, 4 p. :
_bill. (some col.) ;
_c25 cm.
500 _aIncludes index.
650 0 _aAlgebras, Linear.
700 1 _aZiegler, Michael R.
_937399
906 _a7
_bcbc
_corignew
_d1
_eocip
_f19
_gy-gencatlg
942 _2ddc
_cBOOK
999 _c35449
_d269949